| 000 | 00339 a2200097 4500 | ||
|---|---|---|---|
| 245 | 0 | 0 |
_aElementy półprzewodnikowe - Diody Pomiar pojemności Ctot PN-83/T-01504.58 / _cMin. Przem. Maszynowego. |
| 246 | 1 | 3 | _aPN-83/T-01504.58 |
| 246 | 1 | 3 | _a621.382.3.001.4 |
| 260 |
_aWarszawa : _bMin. Przem. Maszynowego, _c1983. |
||
| 300 |
_a2 stron ; _c30 cm. |
||
| 650 | _aPolska norma | ||
| 999 |
_c21071 _d21071 |
||